Health professional as educator : (Record no. 15518)
[ view plain ]
| 000 -LEADER | |
|---|---|
| fixed length control field | 02498cam a22004454a 4500 |
| 001 - CONTROL NUMBER | |
| control field | 16449399 |
| 003 - CONTROL NUMBER IDENTIFIER | |
| control field | OSt |
| 005 - DATE AND TIME OF LATEST TRANSACTION | |
| control field | 20140310182737.0 |
| 008 - FIXED-LENGTH DATA ELEMENTS--GENERAL INFORMATION | |
| fixed length control field | 100907s2011 maua b 001 0 eng |
| 010 ## - LIBRARY OF CONGRESS CONTROL NUMBER | |
| LC control number | 2010038295 |
| 016 7# - NATIONAL BIBLIOGRAPHIC AGENCY CONTROL NUMBER | |
| Record control number | 101539720 |
| Source | DNLM |
| 020 ## - INTERNATIONAL STANDARD BOOK NUMBER | |
| International Standard Book Number | 9780763792787 (alk. paper) |
| 020 ## - INTERNATIONAL STANDARD BOOK NUMBER | |
| International Standard Book Number | 0763792780 (alk. paper) |
| 035 ## - SYSTEM CONTROL NUMBER | |
| System control number | (OCoLC)ocn663370341 |
| 040 ## - CATALOGING SOURCE | |
| Original cataloging agency | DNLM/DLC |
| Transcribing agency | DLC |
| Modifying agency | BTCTA |
| -- | YDXCP |
| -- | NLM |
| -- | C#P |
| -- | BWX |
| -- | CDX |
| -- | NLGGC |
| -- | DLC |
| 042 ## - AUTHENTICATION CODE | |
| Authentication code | pcc |
| 050 00 - LIBRARY OF CONGRESS CALL NUMBER | |
| Classification number | R 727.4 |
| Item number | .B324 2011 |
| 100 ## - MAIN ENTRY--PERSONAL NAME | |
| Personal name | Bastable , Susan B. |
| 245 00 - TITLE STATEMENT | |
| Title | Health professional as educator : |
| Remainder of title | principles of teaching and learning / |
| Statement of responsibility, etc | Susan B. Bastable ... [et al.]. |
| 260 ## - PUBLICATION, DISTRIBUTION, ETC. (IMPRINT) | |
| Place of publication, distribution, etc | Sudbury, MA : |
| Name of publisher, distributor, etc | Jones & Bartlett Learning, |
| Date of publication, distribution, etc | c2011. |
| 300 ## - PHYSICAL DESCRIPTION | |
| Extent | 628 p. : |
| Other physical details | ill. ; |
| Dimensions | 23 cm. |
| 504 ## - BIBLIOGRAPHY, ETC. NOTE | |
| Bibliography, etc | Includes bibliographical references and index. |
| 505 0# - FORMATTED CONTENTS NOTE | |
| Formatted contents note | Overview of education in health care / Susan B. Bastable, Pamela R. Gramet -- Ethical, legal, and economic foundations of the educational process / M. Janice Nelson, Catherine V. Caldicott -- Applying learning theories to healthcare practice / Margaret M. Braungart, Richard G. Braungart, Pamela R. Gramet -- Determinants of learning / Sharon Kitchie -- Developmental stages of the learner / Susan B. Bastable, Michelle A. Dart -- Compliance, motivation, and health behaviors of the learner / Eleanor Richards, Kirsty Digger -- Literacy in the adult client population / Susan B. Bastable -- Gender, socioeconomic, and cultural attributes of the learner / Susan B. Bastable -- Educating learners with disabilities / Deborah L. Sopczyk, Kay Viggiani -- Behavioral objectives / Susan B. Bastable, Julie A. Doody -- Instructional methods and settings / Kathleen Fitzgerald -- Instructional materials / Diane S. Hainsworth -- Technology in education / Deborah L. Sopczyk, Nancy Doyle, Karen Jacobs -- Evaluation in healthcare education / Priscilla Sandford Worral. |
| 521 ## - TARGET AUDIENCE NOTE | |
| Target audience note | |
| 526 ## - STUDY PROGRAM INFORMATION NOTE | |
| Reading level | 1210L-1700L |
| 562 ## - COPY AND VERSION IDENTIFICATION NOTE | |
| Number of copies | For circulation. 1 copy available in the collection |
| 650 #0 - SUBJECT ADDED ENTRY--TOPICAL TERM | |
| Topical term or geographic name as entry element | Patient education. |
| 650 #0 - SUBJECT ADDED ENTRY--TOPICAL TERM | |
| Topical term or geographic name as entry element | Health education. |
| 650 12 - SUBJECT ADDED ENTRY--TOPICAL TERM | |
| Topical term or geographic name as entry element | Health Personnel. |
| 650 12 - SUBJECT ADDED ENTRY--TOPICAL TERM | |
| Topical term or geographic name as entry element | Teaching. |
| 650 22 - SUBJECT ADDED ENTRY--TOPICAL TERM | |
| Topical term or geographic name as entry element | Education, Professional. |
| 650 22 - SUBJECT ADDED ENTRY--TOPICAL TERM | |
| Topical term or geographic name as entry element | Learning. |
| 650 22 - SUBJECT ADDED ENTRY--TOPICAL TERM | |
| Topical term or geographic name as entry element | Patient Education. |
| 650 22 - SUBJECT ADDED ENTRY--TOPICAL TERM | |
| Topical term or geographic name as entry element | Professional Role. |
| 700 1# - ADDED ENTRY--PERSONAL NAME | |
| Personal name | Bastable, Susan Bacorn. |
| 906 ## - LOCAL DATA ELEMENT F, LDF (RLIN) | |
| a | 7 |
| b | cbc |
| c | orignew |
| d | 1 |
| e | ecip |
| f | 20 |
| g | y-gencatlg |
| 942 ## - ADDED ENTRY ELEMENTS (KOHA) | |
| Source of classification or shelving scheme | Library of Congress Classification |
| Koha item type | Books |
| Call number prefix | Foreign |
| Withdrawn status | Lost status | Source of classification or shelving scheme | Damaged status | Home library | Current library | Shelving location | Date acquired | Total Checkouts | Total Renewals | Full call number | Barcode | Date last seen | Date checked out | Copy number | Price effective from | Koha item type |
|---|---|---|---|---|---|---|---|---|---|---|---|---|---|---|---|---|
| Library of Congress Classification | College Library | College Library | General Circulation Section | 10/01/2011 | 5 | 34 | R 727.4 .B324 2011 | C13069 | 03/10/2020 | 02/13/2020 | 1 | 10/18/2013 | Books |